00913nam a2200241Ia 450000100060000000300090000600800410001504000130005604000130006904100130008210000200009510000290011524500630014424500520020725000110025926000090027026000320027926000490031130000570036050001810041765000420059865000310064076897IT-RoPAU130308s9999 xx 000 0 und d aIT-RoPAU cIT-RoPAU aITALIANO aAncona Leonardo gCodice Aut. SPICS: 9913 aModalità€ collusive e difensive del colloquio diagnostico bTeoria e Prassi del Colloquio e dell'Intervista a1a ed. aROMA bLa Nuova Italia Scientifica c1989 [1° Ed.:1989 - Ed.Ling.Originale:1989] a"15 p. (prefazione: no ; testo: 15 [pagine: 75-89])" aStrumento di Conoscenza dell'Interlocutore Tecniche Difensive Caratterialicollusioni Difensive dell'Esaminatore Modalità€ Difensive Psiconevrotiche Alloplastico e Autoplastico aPEDAGOGIA DELLA COMUNICAZIONE SOCIALE eCodice materia Spics: 3804